Požiadavky z matematiky na prijímacie skúšky na vysoké školy

Bibliographic Details
Main Authors: Calda, Emil, 1935- (Author), Jirásek, František, 1938- (Author), Benešová, Karla (Author)
Other Authors: Petrášová, Eva (Translator)
Format: Book
Language:Slovak
Czech
PhysicalDescription:76 s. 21 cm
Published: Bratislava Slovenské pedagogické nakladateľstvo 1989
ISBN:8008009101
Edition:2. vyd.
Subjects:

MARC

LEADER 00000cam a2200000 a 4500
001 vtls001081318
003 SK-MaSNL
005 20260301000853.0
008 240226s1989 xo grf 000 0 slo
015 |a SNBA1989/06 
020 |a 8008009101  |q (brožované) 
035 |a SNK000024156 
035 |a 1AE3AAD2-CCEB-44FA-8E9D-2AB94210FF15 
035 |a urn:nbn:sk:snk-am00ier0 
040 |a SNK  |b slo  |c SNK  |e AACR2 
041 1 |a slo  |h cze 
044 |a xo  |c SK 
072 7 |a 51  |x Matematika  |2 konspekt 
080 |a 51  |2 2011 
080 |a (035)  |2 2011 
100 1 |a Calda, Emil,  |d 1935-  |4 aut  |9 131639 
245 1 0 |a Požiadavky z matematiky na prijímacie skúšky na vysoké školy  |c Emil Calda, František Jirásek, Karla Benešová ; Eva Petrášová 
250 |a 2. vyd. 
260 |a Bratislava  |b Slovenské pedagogické nakladateľstvo  |c 1989  |e Bratislava  |f Svornosť 
300 |a 76 s.  |c 21 cm 
366 |e 8000 výtl. 
500 |a Záujmová publ. MŠ SSR. 
650 0 7 |a matematika  |2 SNKPH  |9 70174 
650 0 7 |a Mathematics  |2 SNKPHeng  |9 265620 
655 7 |a príručky  |2 SNKPH  |9 74364 
655 7 |a Handbooks, manuals, etc.  |2 SNKPHeng  |9 90964 
700 1 |a Jirásek, František,  |d 1938-  |4 aut  |9 132152 
700 1 |a Benešová, Karla  |4 aut  |9 278420 
700 1 |a Petrášová, Eva  |4 trl  |9 278153 
852 |a Slovenská národná knižnica 
919 |a 80-08-00910-1 
954 |a odborná, vedecká literatúra cudzojazyčná (svetová)  |2 lita 
958 |a OND 
958 |a CZ 
958 |a UO 
958 |a TL 
958 |a OP 
968 |a SLO  |b ČES 
999 |c 533698  |d 535628 
952 |a SNK  |b SNK  |y VYP  |7 0  |p 17A0030778  |o snkSC 74444 D1  |0 0  |1 0  |4 0  |d 1997-01-16  |l 0  |r 2004-12-31 00:00:00  |w 2026-02-23 
952 |a SNK  |b SNK  |y PREZ  |7 0  |p 17A0073743  |o snkSC 74444  |i snkKSP 4213/89  |0 0  |1 0  |4 0  |d 1997-06-12  |f 1  |l 0  |r 2025-07-31 00:00:00  |w 2026-02-23 
952 |t snkPOŽ 51(079)   |a SNKUST  |b SNKUST  |y PREZ  |7 0  |p 17A0338559  |o snkSC 74444 D2  |i snkKSP 3764/2002  |0 0  |1 0  |4 0  |d 2002-04-05  |l 0  |r 2025-05-29 00:00:00  |w 2026-02-23